000 00542nam a2200193 a 4500
008 960514s1990||||[C 0 slo c
040 _aSNK
_bslo
_cSNK
_eAACR2
041 1 _aslo
044 _axo
_cSK
080 _a885.4-3(02.056.262)
100 1 _aMarec, Anton
_4aut
245 1 0 _aAž ťa odpočítajú
_hSlepecká tlač
_cAnton Marec
250 _a1., vyd.
260 _bOsveta
_c1990
_eLevoča
_fTlačiarne a knižnica pre nevidiacich
_aMartin
300 _a70 s.
_c32x27 cm.
500 _aSlepecká tlač.
020 _c10
958 _aKST
999 _c12187
_d12187